№ 3; Кабель-NEWS

Bibliografiset tiedot
Parent link:Кабель-NEWS: Информационно-аналитическое издание. № 3.— , 2010-
Kieli:venäjä
Julkaistu: 2012
Aineistotyyppi: Kirja
KOHA link:https://koha.lib.tpu.ru/cgi-bin/koha/opac-detail.pl?biblionumber=478863

MARC

LEADER 00000nam2a2200000 4500
001 478863
005 20231101093217.0
035 |a (RuTPU)RU\TPU\prd\145720 
090 |a 478863 
100 |a 20120704a20099999k y0rusy50 ca 
101 0 |a rus 
102 |a RU 
200 0 |a № 3 
210 |d 2012 
461 1 |0 (RuTPU)RU\TPU\prd\77733  |t Кабель-NEWS  |o Информационно-аналитическое издание  |v № 3  |d 2010- 
801 0 |a RU  |b 63413507  |c 20010227  |g PSBO 
801 1 |a RU  |b 63413507  |c 20120704 
801 2 |a RU  |b 63413507  |c 20230504  |g RCR 
942 |c BK 
999 |a НТБ_ТПУ  |b НФ  |e -1/20120110  |p П-9460  |s 6/20110919  |u 0,00  |v 1